| 000 | 00373nam a2200109Ia 4500 | ||
|---|---|---|---|
| 008 | 200302s9999 xx 000 0 und d | ||
| 100 | _aChristopher Alexander | ||
| 245 | _aThe Nature of order an essay on the art of building and the nature of the univese the Process of creating Life Vol 2 | ||
| 260 | _bThe center for environmental structure | ||
| 260 | _c2002 | ||
| 300 | _a636 | ||
| 999 |
_c6815 _d6815 |
||